| 000 | 00452nam a2200169 4500 | ||
|---|---|---|---|
| 003 | CO-ViMGA | ||
| 020 | _a9788426139504 | ||
| 040 |
_aCO-ViMGA _bspa _cCO-ViMGA |
||
| 090 |
_aA _bBANl |
||
| 100 | 1 |
_aBanks, Kate _9305 |
|
| 245 | 1 | 0 |
_aEl libro del oso / _cKate Banks, ilustraciones Georg Halensleben |
| 250 | _a1a. ed. | ||
| 260 |
_aBarcelona : _bJuventud, _c2012 |
||
| 300 | _a30 p. : il. | ||
| 650 | 1 | 4 |
_aLibros ilustrados para niƱos _987 |
| 942 |
_2ddc _cBK |
||
| 999 |
_c3855 _d3855 |
||